[Event "Titled Tuesday intern op 28th May Late"]
[Site "Chess.com INT"]
[Date "2024.05.28"]
[Round "1"]
[White "Miller, Luke C"]
[Black "Rozman, Levy"]
[Result "0-1"]
[WhiteElo "1930"]
[BlackElo "2322"]
[PlyCount "44"]
[EventDate "2024.05.28"]
[EventType "swiss (blitz)"]
[EventRounds "11"]
[EventCountry "USA"]
[SourceTitle "EXT 2025"]
[Source "ChessBase"]
[SourceDate "2024.10.14"]
[SourceVersion "1"]
[SourceVersionDate "2024.10.14"]
[SourceQuality "1"]

1. e4 d5 2. exd5 Qxd5 3. Nc3 Qa5 4. d4 Nf6 5. Nf3 Bf5 6. Ne5 c6 7. Bc4 e6 8. Qe2 Nbd7 9. Bb3 Bb4 10. Bd2 0-0 11. g4 Bg6 12. h4 Nxe5 13. dxe5 Nd5 14. Nxd5 Bxd2+ 15. Qxd2 Qxd2+ 16. Kxd2 cxd5 17. h5 Be4 18. Rh3 h6 19. c3 f6 20. exf6 Rxf6 21. Ke3 Raf8 22. Rf1 Bg2 0-1

[Event "Titled Tuesday intern op 21st May Late"]
[Site "Chess.com INT"]
[Date "2024.05.21"]
[Round "1"]
[White "Miller, Luke C"]
[Black "Szpar, Milosz"]
[Result "0-1"]
[WhiteElo "1930"]
[BlackElo "2509"]
[PlyCount "86"]
[EventDate "2024.05.21"]
[EventType "swiss (blitz)"]
[EventRounds "11"]
[EventCountry "USA"]
[SourceTitle "CBM 220 Extra"]
[Source "ChessBase"]
[SourceDate "2024.07.31"]
[SourceVersion "1"]
[SourceVersionDate "2024.07.31"]
[SourceQuality "1"]

1. e4 c5 2. Nf3 a6 3. c3 e6 4. d4 d5 5. exd5 exd5 6. Bd3 Nc6 7. 0-0 cxd4 8. cxd4 Nf6 9. h3 Be7 10. Nc3 0-0 11. Bf4 h6 12. Ne5 Be6 13. Nxc6 bxc6 14. b3 c5 15. dxc5 Bxc5 16. Rc1 Ba3 17. Rc2 d4 18. Ne4 Nd5 19. Be5 Nb4 20. Re2 Rc8 21. Nd6 Nxd3 22. Nxc8 Nxe5 23. Rxe5 Bxc8 24. Qd3 Be7 25. Rd1 Bf6 26. Rc5 Qd6 27. b4 Bb7 28. a3 g6 29. Qc4 Kg7 30. Rc7 Ba8 31. Ra7 Qf4 32. Re1 Be5 33. g3 Qf5 34. Qc5 Bf6 35. Qxf5 gxf5 36. Rxa6 Be4 37. b5 d3 38. Rd1 Rd8 39. b6 Bf3 40. Rb1 d2 41. b7 d1Q+ 42. Rxd1 Rxd1+ 43. Kh2 Rh1# 0-1

[Event "Titled Tuesday intern op 14th May Late"]
[Site "Chess.com INT"]
[Date "2024.05.14"]
[Round "3"]
[White "Van Dael, Siem"]
[Black "Miller, Luke C"]
[Result "0-1"]
[WhiteElo "2276"]
[BlackElo "1930"]
[PlyCount "138"]
[EventDate "2024.05.14"]
[EventType "swiss (blitz)"]
[EventRounds "11"]
[EventCountry "USA"]
[SourceTitle "CBM 220 Extra"]
[Source "ChessBase"]
[SourceDate "2024.07.31"]
[SourceVersion "1"]
[SourceVersionDate "2024.07.31"]
[SourceQuality "1"]

1. e4 c5 2. Nf3 d6 3. d4 cxd4 4. Nxd4 Nf6 5. Nc3 g6 6. Be3 Bg7 7. f3 0-0 8. Qd2 Nc6 9. 0-0-0 Bd7 10. g4 Rc8 11. h4 Ne5 12. h5 Qa5 13. Bh6 Bxh6 14. Qxh6 Rxc3 15. bxc3 Qxc3 16. Kb1 Nxf3 17. hxg6 Qb4+ 18. Nb3 fxg6 19. g5 Nh5 20. Rxh5 gxh5 21. g6 hxg6 22. Qxg6+ Kh8 23. Qh6+ Kg8 24. Qg6+ Kh8 25. Qxh5+ Kg7 26. Be2 Qxe4 27. Bxf3 Rxf3 28. Rg1+ Kf6 29. Qh8+ Ke6 30. Nd4+ Kd5 31. Nxf3 Qxf3 32. Qg8+ Kc6 33. Qc4+ Kb6 34. Re1 e5 35. Qb4+ Kc7 36. Qa5+ Kc6 37. Qxa7 Qc3 38. Qa4+ b5 39. Qe4+ Kb6 40. Qe3+ Qxe3 41. Rxe3 Kc5 42. Kb2 Bc6 43. Kc3 e4 44. Re1 d5 45. Kd2 d4 46. c3 d3 47. Rb1 Kc4 48. Rb4+ Kc5 49. Ke3 Bd5 50. a3 Bc6 51. Rd4 Kb6 52. Kf4 Ka5 53. Ke5 Kb6 54. Kd6 Bb7 55. Ke5 Bc6 56. Rd6 Kc5 57. Rd4 Bb7 58. Kf4 Bc6 59. Ke3 Kb6 60. Kd2 Ka5 61. Rb4 Bd5 62. Ke3 Bc4 63. Kd2 Kb6 64. Ke3 Kc5 65. a4 bxa4 66. Rxa4 Bb5 67. Rb4 Bc4 68. Ra4 Bd5 69. Ra8 Bxa8 0-1

[Event "Titled Tuesday intern op 07th May Early"]
[Site "Chess.com INT"]
[Date "2024.05.07"]
[Round "4"]
[White "Levine, David M"]
[Black "Miller, Luke C"]
[Result "0-1"]
[WhiteElo "2007"]
[BlackElo "1930"]
[PlyCount "36"]
[EventDate "2024.05.07"]
[EventType "swiss (blitz)"]
[EventRounds "11"]
[EventCountry "USA"]
[SourceTitle "EXT 2025"]
[Source "ChessBase"]
[SourceDate "2024.10.14"]
[SourceVersion "1"]
[SourceVersionDate "2024.10.14"]
[SourceQuality "1"]

1. d4 Nf6 2. c4 g6 3. g3 Bg7 4. Bg2 0-0 5. Nf3 d6 6. 0-0 Nbd7 7. Nc3 e5 8. h3 c6 9. e4 Qa5 10. d5 Nc5 11. Qc2 cxd5 12. cxd5 Bd7 13. Rb1 Ncxe4 14. Nxe4 Nxe4 15. Qxe4 Bf5 16. Bd2 Qxa2 17. Qe1 Qxd5 18. Rc1 Bd3 0-1

[Event "Titled Tuesday intern op 30th Apr Late"]
[Site "Chess.com INT"]
[Date "2024.04.30"]
[Round "2"]
[White "Curtis, John"]
[Black "Miller, Luke C"]
[Result "0-1"]
[WhiteElo "2292"]
[BlackElo "1930"]
[PlyCount "68"]
[EventDate "2024.04.30"]
[EventType "swiss (blitz)"]
[EventRounds "11"]
[EventCountry "USA"]
[SourceTitle "EXT 2025"]
[Source "ChessBase"]
[SourceDate "2024.10.14"]
[SourceVersion "1"]
[SourceVersionDate "2024.10.14"]
[SourceQuality "1"]

1. d4 Nf6 2. c4 g6 3. Nc3 Bg7 4. e4 d6 5. f3 0-0 6. Be3 a6 7. Qd2 Nbd7 8. Nge2 e5 9. d5 h5 10. g3 Rb8 11. h3 b5 12. g4 bxc4 13. Ng3 Nb6 14. Bg5 hxg4 15. hxg4 c6 16. Qh2 Re8 17. Bh6 Bh8 18. dxc6 d5 19. Bg5 Bg7 20. exd5 Nbxd5 21. Nge4 Qa5 22. 0-0-0 Be6 23. Nxd5 Nxd5 24. Bxc4 Rec8 25. Rxd5 Bxd5 26. Nf6+ Kf8 27. Nxd5 Rxc6 28. Qh8+ Bxh8 29. Rxh8+ Kg7 30. Bf6+ Rxf6 31. Rxb8 Rxf3 32. Kc2 Qc5 33. b3 Qf2+ 34. Kb1 Rg3 0-1

[Event "Titled Tuesday intern op 23rd Apr Early"]
[Site "Chess.com INT"]
[Date "2024.04.23"]
[Round "1"]
[White "Yuan, Qingyu"]
[Black "Miller, Luke C"]
[Result "1-0"]
[WhiteElo "2360"]
[BlackElo "1930"]
[PlyCount "103"]
[EventDate "2024.04.23"]
[EventType "swiss (blitz)"]
[EventRounds "11"]
[EventCountry "USA"]
[SourceTitle "EXT 2025"]
[Source "ChessBase"]
[SourceDate "2024.10.14"]
[SourceVersion "1"]
[SourceVersionDate "2024.10.14"]
[SourceQuality "1"]

1. d4 Nf6 2. c4 g6 3. Nc3 Bg7 4. e4 0-0 5. Be2 d6 6. Bg5 c5 7. d5 h6 8. Be3 e6 9. Qd2 exd5 10. exd5 Kh7 11. Nf3 Re8 12. 0-0 Bf5 13. Rae1 a6 14. Bd3 Bxd3 15. Qxd3 Nbd7 16. Bf4 Qc7 17. h3 Nh5 18. Bh2 b5 19. Rxe8 Rxe8 20. cxb5 c4 21. Qc2 axb5 22. Nxb5 Qc5 23. Nxd6 Ra8 24. Qxc4 Bxb2 25. Qb3 Qa3 26. Nxf7 Qxa2 27. Qb7 Ra7 28. Qc6 Nhf6 29. N7e5 Qxd5 30. Qxd5 Nxd5 31. Nxd7 Rxd7 32. Rd1 Nf6 33. Rb1 Bc3 34. Bf4 Ne4 35. Be3 Bg7 36. Rb6 g5 37. g4 Rf7 38. Kg2 Rd7 39. Re6 Nc3 40. h4 gxh4 41. Nxh4 Nd1 42. Bb6 Rd2 43. Nf5 Bf8 44. Rf6 Kg8 45. Nxh6+ Bxh6 46. Rxh6 Rd5 47. Rf6 Nc3 48. Be3 Ne4 49. Rf4 Nd6 50. Kg3 Nf7 51. f3 Ne5 52. Rf5 1-0

[Event "Titled Tuesday intern op 16th Apr Early"]
[Site "Chess.com INT"]
[Date "2024.04.16"]
[Round "4"]
[White "Kozlov, Denis1"]
[Black "Miller, Luke C"]
[Result "0-1"]
[WhiteElo "2093"]
[BlackElo "1930"]
[PlyCount "74"]
[EventDate "2024.04.16"]
[EventType "swiss (blitz)"]
[EventRounds "11"]
[EventCountry "USA"]
[SourceTitle "CBM 219 Extra"]
[Source "ChessBase"]
[SourceDate "2024.05.31"]
[SourceVersion "1"]
[SourceVersionDate "2024.05.31"]
[SourceQuality "1"]

1. d4 Nf6 2. c4 e6 3. Nf3 c5 4. d5 b5 5. Bg5 bxc4 6. Nc3 Bb7 7. e4 h6 8. Bxf6 Qxf6 9. Bxc4 Qd8 10. Qd3 Be7 11. d6 Bh4 12. g3 Bf6 13. e5 Bxe5 14. Nxe5 Bxh1 15. f3 Qf6 16. Qe4 Nc6 17. Bb5 Qxe5 18. Bxc6 Qxe4+ 19. Bxe4 Rb8 20. 0-0-0 f5 21. Rxh1 fxe4 22. Nxe4 0-0 23. f4 Rf5 24. Rd1 Rd5 25. Rxd5 exd5 26. Nc3 Rb6 27. Nxd5 Rxd6 28. Ne3 Rd4 29. Kc2 Kf7 30. Nf5 Rc4+ 31. Kd2 Kf6 32. b3 Re4 33. Ne3 Ke6 34. Kd3 d5 35. Ng4 Re1 36. Ne3 Ra1 37. a3 Rxa3 0-1

[Event "Titled Tuesday intern op 16th Apr Early"]
[Site "Chess.com INT"]
[Date "2024.04.16"]
[Round "6"]
[White "Miller, Luke C"]
[Black "Jimenez Salas, Maria Teresa"]
[Result "1-0"]
[WhiteElo "1930"]
[BlackElo "1946"]
[PlyCount "57"]
[EventDate "2024.04.16"]
[EventType "swiss (blitz)"]
[EventRounds "11"]
[EventCountry "USA"]
[SourceTitle "CBM 219 Extra"]
[Source "ChessBase"]
[SourceDate "2024.05.31"]
[SourceVersion "1"]
[SourceVersionDate "2024.05.31"]
[SourceQuality "1"]

1. e4 c5 2. Nf3 Nc6 3. d4 cxd4 4. Nxd4 Nf6 5. Nc3 d6 6. Bc4 e6 7. Be3 Be7 8. Qe2 0-0 9. 0-0-0 a6 10. f4 Qc7 11. g4 b5 12. Bd3 Nd7 13. f5 Nxd4 14. Bxd4 b4 15. Nb1 Nc5 16. h4 Bb7 17. Nd2 e5 18. Be3 d5 19. exd5 Bxd5 20. Rh3 Bxa2 21. g5 Rfd8 22. Bxc5 Bxc5 23. f6 g6 24. h5 Be6 25. hxg6 Bxh3 26. g7 Bd4 27. Bxh7+ Kxh7 28. Qh5+ Kg8 29. Qh8# 1-0

[Event "Titled Tuesday intern op 16th Apr Early"]
[Site "Chess.com INT"]
[Date "2024.04.16"]
[Round "5"]
[White "Miller, Luke C"]
[Black "Piesik, Piotr"]
[Result "0-1"]
[WhiteElo "1930"]
[BlackElo "2417"]
[PlyCount "62"]
[EventDate "2024.04.16"]
[EventType "swiss (blitz)"]
[EventRounds "11"]
[EventCountry "USA"]
[SourceTitle "CBM 219 Extra"]
[Source "ChessBase"]
[SourceDate "2024.05.31"]
[SourceVersion "1"]
[SourceVersionDate "2024.05.31"]
[SourceQuality "1"]

1. e4 g6 2. h4 h5 3. d4 Bg7 4. Nc3 c6 5. Be3 d5 6. f3 dxe4 7. fxe4 Nf6 8. Qd2 Ng4 9. Nf3 Nxe3 10. Qxe3 Bg4 11. e5 Nd7 12. Ne4 Nb6 13. 0-0-0 Nd5 14. Qb3 Qb6 15. Kb1 Qxb3 16. axb3 0-0-0 17. Neg5 Rhf8 18. Re1 f6 19. exf6 exf6 20. Ne4 Kc7 21. Nc3 Nf4 22. Ne2 Ne6 23. c3 Rfe8 24. Ng3 Nf4 25. Bc4 Nxg2 26. Rxe8 Rxe8 27. Nd2 Bh6 28. Nge4 Bf5 29. Bd3 Nf4 30. Bc2 Nd5 31. Re1 Bxd2 0-1

[Event "Titled Tuesday intern op 09th Apr Early"]
[Site "Chess.com INT"]
[Date "2024.04.09"]
[Round "1"]
[White "Miller, Luke C"]
[Black "Huayhuas Robles, Laura Sofia"]
[Result "1-0"]
[WhiteElo "1930"]
[BlackElo "1793"]
[PlyCount "51"]
[EventDate "2024.04.09"]
[EventType "swiss (blitz)"]
[EventRounds "11"]
[EventCountry "USA"]
[SourceTitle "EXT 2025"]
[Source "ChessBase"]
[SourceDate "2024.10.14"]
[SourceVersion "1"]
[SourceVersionDate "2024.10.14"]
[SourceQuality "1"]

1. e4 c5 2. Nf3 d6 3. d4 cxd4 4. Nxd4 Nf6 5. Nc3 a6 6. Rg1 e6 7. g4 h6 8. h4 b5 9. g5 hxg5 10. hxg5 Ng8 11. g6 b4 12. Nce2 Bb7 13. gxf7+ Kxf7 14. Nf4 Bxe4 15. Ndxe6 Qe7 16. Bc4 Ke8 17. Qe2 d5 18. Nxd5 Bxd5 19. Bxd5 Ra7 20. Bg5 Nf6 21. 0-0-0 Rd7 22. Qc4 Rh5 23. Qc8+ Rd8 24. Nxd8 Qxd8 25. Bf7+ Kxf7 26. Qxd8 1-0

[Event "Titled Tuesday intern op 02nd Apr Late"]
[Site "Chess.com INT"]
[Date "2024.04.02"]
[Round "4"]
[White "Ghimoyan, Narek"]
[Black "Miller, Luke C"]
[Result "1-0"]
[WhiteElo "2168"]
[BlackElo "1930"]
[PlyCount "61"]
[EventDate "2024.04.02"]
[EventType "swiss (blitz)"]
[EventRounds "11"]
[EventCountry "USA"]
[SourceTitle "CBM 219 Extra"]
[Source "ChessBase"]
[SourceDate "2024.05.31"]
[SourceVersion "1"]
[SourceVersionDate "2024.05.31"]
[SourceQuality "1"]

1. d4 Nf6 2. c4 g6 3. Nc3 Bg7 4. Nf3 d6 5. g3 0-0 6. Bg2 Nc6 7. d5 Na5 8. b3 c5 9. Bb2 a6 10. 0-0 Rb8 11. Qc2 b5 12. Nd2 Bf5 13. e4 Bd7 14. Rab1 h5 15. h3 e6 16. Rfe1 exd5 17. exd5 bxc4 18. bxc4 Re8 19. Ba1 Bf5 20. Nce4 Nxe4 21. Nxe4 Rxb1 22. Rxb1 Bxa1 23. Rxa1 Bxe4 24. Bxe4 Qf6 25. Rc1 Qd4 26. Bf3 Rb8 27. Qc3 Rb2 28. Qxd4 cxd4 29. c5 dxc5 30. d6 Kf8 31. Rxc5 1-0

[Event "Titled Tuesday intern op 02nd Apr Early"]
[Site "Chess.com INT"]
[Date "2024.04.02"]
[Round "3"]
[White "Kubicka, Anna"]
[Black "Miller, Luke C"]
[Result "1-0"]
[WhiteElo "2292"]
[BlackElo "1930"]
[PlyCount "89"]
[EventDate "2024.04.02"]
[EventType "swiss (blitz)"]
[EventRounds "11"]
[EventCountry "USA"]
[SourceTitle "CBM 219 Extra"]
[Source "ChessBase"]
[SourceDate "2024.05.31"]
[SourceVersion "1"]
[SourceVersionDate "2024.05.31"]
[SourceQuality "1"]

1. e4 c5 2. Ne2 Nf6 3. e5 Nd5 4. g3 Nc6 5. Bg2 Nc7 6. f4 d5 7. d4 Bf5 8. 0-0 e6 9. Be3 c4 10. c3 h5 11. Nd2 h4 12. Nf3 h3 13. Bh1 b5 14. Nh4 Bd3 15. f5 Be7 16. fxe6 fxe6 17. Nf3 0-0 18. Rf2 b4 19. Nf4 Bf5 20. Qf1 bxc3 21. bxc3 Nb5 22. Bd2 g5 23. a4 gxf4 24. axb5 fxg3 25. hxg3 Na5 26. Nh2 Nb3 27. Rd1 Bg5 28. Bf4 Bxf4 29. Rxf4 Qg5 30. Qf2 Rf7 31. Nf3 Qg7 32. Nh4 Raf8 33. Nxf5 Rxf5 34. Kh2 Qg5 35. Rf1 Kg7 36. Qe2 Kh8 37. Rh4+ Kg7 38. Rg4 R8f7 39. Rxg5+ Rxg5 40. Rxf7+ Kxf7 41. Kxh3 Ke7 42. Bf3 Rg8 43. Bg4 Rb8 44. Qe3 Rg8 45. Qh6 1-0

[Event "Titled Tuesday intern op 02nd Apr Early"]
[Site "Chess.com INT"]
[Date "2024.04.02"]
[Round "1"]
[White "Miller, Luke C"]
[Black "Fiedorek, Michal"]
[Result "0-1"]
[WhiteElo "1930"]
[BlackElo "2310"]
[PlyCount "46"]
[EventDate "2024.04.02"]
[EventType "swiss (blitz)"]
[EventRounds "11"]
[EventCountry "USA"]
[SourceTitle "CBM 219 Extra"]
[Source "ChessBase"]
[SourceDate "2024.05.31"]
[SourceVersion "1"]
[SourceVersionDate "2024.05.31"]
[SourceQuality "1"]

1. e4 c5 2. Nf3 d6 3. d4 cxd4 4. Nxd4 Nf6 5. Nc3 Nc6 6. Bg5 e6 7. f3 a6 8. Qd2 Bd7 9. g4 Be7 10. h4 Qb6 11. Nb3 Ne5 12. Be2 a5 13. a4 Rc8 14. Be3 Qc7 15. Nb5 Bxb5 16. Bxb5+ Nfd7 17. 0-0 h5 18. g5 0-0 19. Qxa5 Qxc2 20. Nd4 Qxb2 21. f4 Ng4 22. Bxd7 Nxe3 23. Rf2 Qxa1+ 0-1

[Event "Titled Tuesday intern op 02nd Apr Late"]
[Site "Chess.com INT"]
[Date "2024.04.02"]
[Round "11"]
[White "Miller, Luke C"]
[Black "Manukian, Artak"]
[Result "1-0"]
[WhiteElo "1930"]
[BlackElo "2196"]
[PlyCount "107"]
[EventDate "2024.04.02"]
[EventType "swiss (blitz)"]
[EventRounds "11"]
[EventCountry "USA"]
[SourceTitle "CBM 219 Extra"]
[Source "ChessBase"]
[SourceDate "2024.05.31"]
[SourceVersion "1"]
[SourceVersionDate "2024.05.31"]
[SourceQuality "1"]

1. e4 c6 2. d4 d5 3. e5 Bf5 4. h4 h5 5. Bg5 Qb6 6. Bd3 Bxd3 7. Qxd3 e6 8. Nd2 Qa6 9. c4 Bb4 10. Ngf3 Nh6 11. 0-0 Nf5 12. a3 Bxd2 13. Nxd2 Nd7 14. b4 0-0 15. Rab1 dxc4 16. Nxc4 Nb6 17. b5 cxb5 18. Ne3 b4 19. Qxa6 bxa6 20. Nxf5 exf5 21. axb4 Nd5 22. Ra1 Nxb4 23. Rfb1 Rfb8 24. Be7 Nc6 25. Rxb8+ Rxb8 26. Bd6 Rb7 27. d5 Ne7 28. Bxe7 Rxe7 29. f4 Rb7 30. Rxa6 g6 31. Rc6 Kf8 32. d6 Ke8 33. Rc8+ Kd7 34. Rf8 Kc6 35. Ra8 Kd5 36. Rc8 Ke6 37. Kf2 Rb2+ 38. Ke3 Rxg2 39. Re8+ Kd7 40. Re7+ Kc6 41. Rxa7 Rg3+ 42. Kd4 Rg4 43. d7 Rxf4+ 44. Kd3 Rf1 45. Ke2 Ra1 46. Rxa1 Kxd7 47. Kf3 f6 48. exf6 Ke6 49. Kf4 Kxf6 50. Ra6+ Kg7 51. Kg5 Kh7 52. Rxg6 f4 53. Rf6 f3 54. Rxf3 1-0

[Event "Titled Tuesday intern op 02nd Apr Early"]
[Site "Chess.com INT"]
[Date "2024.04.02"]
[Round "7"]
[White "Miller, Luke C"]
[Black "Menahem, Adi"]
[Result "1-0"]
[WhiteElo "1930"]
[BlackElo "2112"]
[PlyCount "115"]
[EventDate "2024.04.02"]
[EventType "swiss (blitz)"]
[EventRounds "11"]
[EventCountry "USA"]
[SourceTitle "CBM 219 Extra"]
[Source "ChessBase"]
[SourceDate "2024.05.31"]
[SourceVersion "1"]
[SourceVersionDate "2024.05.31"]
[SourceQuality "1"]

1. e4 d5 2. exd5 Qxd5 3. Nc3 Qd8 4. d4 Nf6 5. Nf3 Bg4 6. Bc4 e6 7. h3 Bxf3 8. Qxf3 Nc6 9. Be3 Bb4 10. 0-0-0 Bxc3 11. bxc3 Na5 12. Bb3 Nxb3+ 13. cxb3 Qd5 14. Qg3 Qa5 15. Kb2 Ne4 16. b4 Nxg3 17. bxa5 Nxh1 18. Rxh1 0-0-0 19. c4 c5 20. dxc5 Rd3 21. c6 bxc6 22. Bxa7 Kb7 23. Bb6 Re8 24. Kc2 Rd7 25. Re1 e5 26. f4 e4 27. f5 g6 28. fxg6 hxg6 29. Re3 f5 30. g3 g5 31. Rb3 Rd3 32. Rxd3 exd3+ 33. Kxd3 Re4 34. Be3 g4 35. h4 Ka6 36. Bd2 c5 37. h5 Rd4+ 38. Kc3 Kxa5 39. Be3 Rd7 40. h6 Kb6 41. Bf4 Kc6 42. Be5 Rh7 43. Bg7 Kd7 44. Kd3 Ke6 45. a4 Kd7 46. Ke3 Kc6 47. Kf4 Kb6 48. Kxf5 Ka5 49. Kg6 Rxh6+ 50. Bxh6 Kxa4 51. Kg5 Kb4 52. Kxg4 Kxc4 53. Kf5 Kd3 54. Bg7 c4 55. g4 c3 56. Bxc3 Kxc3 57. g5 Kd4 58. g6 1-0

[Event "Titled Tuesday intern op 02nd Apr Late"]
[Site "Chess.com INT"]
[Date "2024.04.02"]
[Round "10"]
[White "Miller, Luke C"]
[Black "Romanchuk, Viktor"]
[Result "0-1"]
[WhiteElo "1930"]
[BlackElo "2266"]
[PlyCount "74"]
[EventDate "2024.04.02"]
[EventType "swiss (blitz)"]
[EventRounds "11"]
[EventCountry "USA"]
[SourceTitle "CBM 219 Extra"]
[Source "ChessBase"]
[SourceDate "2024.05.31"]
[SourceVersion "1"]
[SourceVersionDate "2024.05.31"]
[SourceQuality "1"]

1. e4 e6 2. d4 d5 3. Nc3 dxe4 4. Nxe4 Nd7 5. Nf3 Ngf6 6. Bd3 c5 7. dxc5 Nxe4 8. Bxe4 Nxc5 9. Qxd8+ Kxd8 10. Bd3 Nxd3+ 11. cxd3 f6 12. d4 Bd7 13. 0-0 Bc6 14. Re1 Kd7 15. Bd2 Bd6 16. Bc3 Rac8 17. Nd2 b6 18. Ne4 Bb8 19. Rad1 Bd5 20. a3 Bb3 21. Rd2 Bd5 22. f3 Bf4 23. Rdd1 Bb3 24. Rd3 Bc2 25. Rde3 Bxe3+ 26. Rxe3 Rc6 27. Kf2 Rhc8 28. h4 Bb3 29. h5 h6 30. g4 Bd5 31. Ng3 Ke7 32. f4 Kf7 33. g5 hxg5 34. fxg5 fxg5 35. Re5 Rxc3 36. bxc3 Rxc3 37. Rxg5 Rxa3 0-1

[Event "Titled Tuesday intern op 02nd Apr Late"]
[Site "Chess.com INT"]
[Date "2024.04.02"]
[Round "5"]
[White "Miller, Luke C"]
[Black "Uzcategui Rodriguez, Alejandro"]
[Result "1-0"]
[WhiteElo "1930"]
[BlackElo "2248"]
[PlyCount "49"]
[EventDate "2024.04.02"]
[EventType "swiss (blitz)"]
[EventRounds "11"]
[EventCountry "USA"]
[SourceTitle "CBM 219 Extra"]
[Source "ChessBase"]
[SourceDate "2024.05.31"]
[SourceVersion "1"]
[SourceVersionDate "2024.05.31"]
[SourceQuality "1"]

1. e4 b6 2. d4 Bb7 3. Bd3 e6 4. Nc3 Nf6 5. Qe2 d5 6. e5 Nfd7 7. Qg4 c5 8. f4 cxd4 9. Nb5 Nc6 10. Nf3 g6 11. Nbxd4 Nxd4 12. Nxd4 Nc5 13. Bb5+ Nd7 14. Nxe6 fxe6 15. Qxe6+ Be7 16. f5 a6 17. fxg6 hxg6 18. Qxg6+ Kf8 19. 0-0+ Nf6 20. exf6 Bc5+ 21. Kh1 Qc7 22. Bh6+ Rxh6 23. Qxh6+ Kg8 24. f7+ Qxf7 25. Rxf7 1-0

[Event "Titled Tuesday intern op 02nd Apr Late"]
[Site "Chess.com INT"]
[Date "2024.04.02"]
[Round "8"]
[White "Tsatsalashvili, Ketevan"]
[Black "Miller, Luke C"]
[Result "0-1"]
[WhiteElo "2315"]
[BlackElo "1930"]
[PlyCount "114"]
[EventDate "2024.04.02"]
[EventType "swiss (blitz)"]
[EventRounds "11"]
[EventCountry "USA"]
[SourceTitle "CBM 219 Extra"]
[Source "ChessBase"]
[SourceDate "2024.05.31"]
[SourceVersion "1"]
[SourceVersionDate "2024.05.31"]
[SourceQuality "1"]

1. d4 Nf6 2. Nf3 g6 3. c4 Bg7 4. Nc3 0-0 5. e4 d6 6. Be2 e5 7. 0-0 Nc6 8. d5 Ne7 9. Nd2 a5 10. a3 Nd7 11. Rb1 f5 12. b4 Nf6 13. c5 f4 14. Nc4 g5 15. f3 axb4 16. axb4 h5 17. Nb5 Ne8 18. Bb2 Rf6 19. Ra1 Rxa1 20. Qxa1 Rg6 21. Qa8 g4 22. Na7 dxc5 23. Nxe5 Rg5 24. Nxc8 Qxc8 25. Qxc8 Nxc8 26. Nd3 c4 27. Bxg7 cxd3 28. Bxd3 Kxg7 29. fxg4 Rxg4 30. Be2 Rh4 31. Bf3 Ncd6 32. Re1 Nc4 33. g3 fxg3 34. hxg3 Nd2 35. Kg2 Rh2+ 36. Kxh2 Nxf3+ 37. Kh3 Nxe1 38. g4 hxg4+ 39. Kxg4 Nd3 40. Kf5 Nd6+ 41. Ke6 Nxe4 42. Kd7 b5 43. Kxc7 Nxb4 44. Kb6 Nc3 45. d6 Nbd5+ 46. Kc5 Kf7 47. Kc6 Ke8 48. d7+ Kd8 49. Kd6 b4 50. Kc6 b3 51. Kd6 b2 52. Kc6 b1Q 53. Kd6 Qg6+ 54. Kc5 Kxd7 55. Kd4 Kc6 56. Ke5 Qg5+ 57. Ke6 Qf6# 0-1